Top 20 Most Streamed Modern Talking Songs on Spotify (1984–87) - Statistics

General Stats
  • This quiz has been taken 36 times
  • The average score is 10 of 20
Answer Stats
Number Streamings Song % Correct
1 730 465 795 Cheri, Cheri Lady
92%
2 456 977 698 Brother Louie
88%
4 81 099 600 Geronimo's Cadillac
88%
3 198 743 677 You're My Heart, You're My Soul
84%
5 78 723 525 Atlantis Is Calling (S.O.S. For Love)
76%
6 59 305 256 You Can Win If You Want
72%
10 16 460 550 Jet Airliner
68%
11 14 707 992 In 100 Years
64%
19 6 316 410 Lonely Tears In Chinatown
52%
7 22 345 214 Just We Two (Mona Lisa)
48%
13 10 635 253 Lucky Guy
44%
12 11 925 675 Angie's Heart
40%
17 7 794 753 Let's Talk About Love
36%
14 10 565 645 Heaven Will Know
32%
16 8 006 023 Diamonds Never Made A Lady
28%
8 20 986 705 Do You Wanna
28%
18 6 671 634 Just Like An Angel
28%
9 17 045 250 With A Little Love
28%
20 6 286 464 Who Will Save The World
24%
15 9 341 080 You're The Lady Of My Heart
24%
No matching quizzes found
Score Distribution
Percent of People with Each Score
Percentile by Number Answered
Your Score History
You have not taken this quiz